supercalifragilisticexpialidocious multiple times - Statistics

General Stats
  • This quiz has been taken 55 times
  • The average score is 9 of 11
Answer Stats
Answer % Correct
supercalifragilisticexpialidocious
100%
supercalifragilisticexpialidocious
96%
supercalifragilisticexpialidocious
96%
supercalifragilisticexpialidocious
93%
supercalifragilisticexpialidocious
89%
supercalifragilisticexpialidocious
85%
supercalifragilisticexpialidocious
78%
supercalifragilisticexpialidocious
70%
supercalifragilisticexpialidocious
70%
supercalifragilisticexpialidocious
67%
supercalifragilisticexpialidocious
67%
No matching quizzes found
Score Distribution
Percent of People with Each Score
Percentile by Number Answered
Your Score History
You have not taken this quiz